000 00550nam a2200217Ia 4500
003 OSt
005 20220928135531.0
006 a|||||r|||| 00| 0
007 ta
008 220927b |||||||| |||| 00| 0 eng d
024 _a2879
037 _cTextual
040 _aSDCL
_cSDCL
_beng
041 _2eng
_aeng
082 _aO-,1L700jL72, L0
100 _aByatt A S
_9491305
245 0 _aWordsworth and coleridge in their time
260 _c1970
942 _hO-,1L700jL72, L0
_cTEXL
_2CC
999 _c806688
_d806688